Beti Bachao Beti Padhao : (Record no. 167273)

MARC details
000 -LEADER
fixed length control field 00686nam a22001937a 4500
005 - DATE AND TIME OF LATEST TRANSACTION
control field 20220221170003.0
010 ## - LCCN (DPL NO)
LC control number ENG-126312
020 ## - INTERNATIONAL STANDARD BOOK NUMBER
Terms of availability 795.00
International Standard Book Number 978-93-86365-00-2
035 ## - SYSTEM CONTROL NUMBER
System control number EN-109844
037 ## - SOURCE OF ACQUISITION
Source of stock number/acquisition DBAD/PUB
082 ## - DEWEY DECIMAL CLASSIFICATION NUMBER
Classification number 305.23082
100 ## - MAIN ENTRY--PERSONAL NAME
Personal name Anand,Aakanksha
245 ## - TITLE STATEMENT
Title Beti Bachao Beti Padhao :
Remainder of title Vision of Narendra Modi/
Statement of responsibility, etc by Aakanksha Anand
260 ## - PUBLICATION, DISTRIBUTION, ETC. (IMPRINT)
Place of publication, distribution, etc New Delhi
Name of publisher, distributor, etc Shri Sai Printographers
Date of publication, distribution, etc 2017
270 ## - ADDRESS
City New Delhi
Address 102, 4787/23, Ansari Road, Darya Ganj,
Postal code 110002
Telephone number 011-23246222, 09312220441
Electronic mail address shrisaiprintographers@gmail.com
300 ## - PHYSICAL DESCRIPTION
Extent 272p.
Dimensions 22cm(hb)
500 ## - GENERAL NOTE
General note Includes index and bibliography.
942 ## - ADDED ENTRY ELEMENTS (KOHA)
Source of classification or shelving scheme Dewey Decimal Classification
Item type English Books
Classification part 305.23082
Call number suffix ANA
Holdings
Withdrawn status Lost status Not for loan Collection code Home library Current library Date acquired Source of acquisition Cost, normal purchase price Full call number Barcode Copy number Cost, replacement price Koha item type
      Non-fiction Ashok Vihar Ashok Vihar 26/08/2019 DBAD/PUB 795.00 305.23082 ANA EN-109844 1 795.00 English Books

© Delhi Public Library
Hit Counter
free hit counter